Rimariy : (Record no. 22223)

000 -CABECERA
fixed length control field 00776nam a22001937a 4500
003 - IDENTIFICADOR DEL NÚMERO DE CONTROL
control field AR-CdUCM
008 - DATOS DE LONGITUD FIJA--INFORMACIÓN GENERAL
fixed length control field 190425b ||||| |||| 00| 0 spa d
040 ## - FUENTE DE LA CATALOGACIÓN
Agencia/entidad que catalogó originalmente la obra MUNICIPALIDAD PROVINCIAL DEL CUSCO
Entidad que transcribió la catalogación BIBLIOTECA MUNICIPAL DEL CUSCO
082 ## - NÚMERO DE LA CLASIFICACIÓN DECIMAL DEWEY
No. de Clasificación Rimariy/N°1/2006
245 ## - MENCIÓN DE TÍTULO
Título Rimariy :
Resto del título revista de la Red Juvenil de la Nor Occidental Cusco /
260 ## - PUBLICACIÓN, DISTRIBUCIÓN, ETC.
Lugar de publicación, distribución, etc. Cusco.
Nombre de la editorial, distribuidor, etc. Rimariy,
Fecha de publicación, distribución, etc. 2006.
300 ## - DESCRIPCIÓN FÍSICA
Nº de Páginas Extensión 26 páginas. :
Otros detalles físicos ilustraciones ;
Dimensiones 29 cm.
440 ## - MENCIÓN DE SERIE/PUNTO DE ACCESO ADICIONAL--TÍTULO
Título Rimariy.
Número de la parte/sección de una obra Año 1, N°1, julio 2006.
9 (RLIN) 47676
505 ## - NOTA DE CONTENIDO CON FORMATO
Nota de contenido formateada Contenido: Noticias de la Red. -- La basura de la Nor Occidental situación. actual y riesgos. -- Barrios saludables. -- Oportunidades para jóvenes.
650 ## - PUNTO DE ACCESO ADICIONAL DE MATERIA--TÉRMINO DE MATERIA
Descriptor Sociedad cusqueña
9 (RLIN) 47493
650 ## - PUNTO DE ACCESO ADICIONAL DE MATERIA--TÉRMINO DE MATERIA
Descriptor Barrios populares
9 (RLIN) 47677
942 ## - ELEMENTOS DE PUNTO DE ACCESO ADICIONAL (KOHA)
Fuente de clasificación
Tipo de item Revistas cusqueñas
945 ## - PROCESAMIENTO DE INFORMACIÓN LOCAL (OCLC)
Catalogador rac
Holdings
Estado de retiro (separado) Fuente de clasificación o esquema de estanterías Estado dañado Ubicación Sala donde se ubica Nombre de la colección Fecha de adquisición o compra Costo, precio normal en soles Signatura topográfica Código de Barras Última vez visto (Koha) Tipo de ítem (Koha)
No     Sala Hemeroteca Sala Hemeroteca Book Cart 2022-03-28 1.00 Rimariy/N°1/2006 REVC000850 2022-03-28 Revistas cusqueñas

Powered by Koha